000 00375nam a22001697a 4500
005 20160627145835.0
008 160627b xxu||||| |||| 00| 0 eng d
020 _a978-81-203-3334-5
041 _aeng
082 _b10647
100 _aBasu, B.N.
_92076
245 _aTechnical Writing
260 _bPHI
_c2007
300 _a128
650 _aManagement
_9241
942 _cBK
999 _c4274
_d4273